[Event "GER-chT U18 Girls"]
[Site "Karlsruhe"]
[Date "2015.05.10"]
[Round "7.4"]
[White "Nast, Lara"]
[Black "Weiss, Nadine"]
[Result "0-1"]
[WhiteElo "800"]
[BlackElo "1061"]
[PlyCount "74"]
[EventDate "2015.05.07"]
[EventType "team-swiss"]
[EventRounds "7"]
[EventCountry "GER"]
[SourceTitle "EXT 2017"]
[Source "ChessBase"]
[SourceDate "2016.10.25"]
[SourceVersion "1"]
[SourceVersionDate "2016.10.25"]
[SourceQuality "1"]
[WhiteTeam "Kant Gymn (W)"]
[BlackTeam "Bad Mergentheim (W)"]
[WhiteTeamCountry "GER"]
[BlackTeamCountry "GER"]

1. d4 Nf6 2. Nc3 d6 3. e4 g6 4. Nf3 Bg7 5. Bc4 Nbd7 6. 0-0 0-0 7. e5 dxe5 8. dxe5 Ng4 9. Bf4 Ngxe5 10. Nxe5 Nxe5 11. Bxe5 Qxd1 12. Nxd1 Bxe5 13. Re1 Bd6 14. g3 Bh3 15. Re4 Kg7 16. Rh4 Bd7 17. Ne3 f5 18. Rd1 Rad8 19. Rd5 c6 20. Ra5 a6 21. a3 Bc7 22. Rc5 b6 23. Rd5 cxd5 24. Nxd5 Be6 25. Nxc7 Bxc4 26. Rxc4 Rd1+ 27. Kg2 Rc8 28. b3 Kf6 29. Rc6+ Ke5 30. f4+ Ke4 31. Re6+ Kd4 32. Rxe7 Rd2+ 33. Kg1 Rxc2 34. Ne6+ Kd5 35. Ng5 Rb2 36. b4 Rc1+ 37. Re1 Rxe1# 0-1

[Event "GER-chT U18 Girls"]
[Site "Karlsruhe"]
[Date "2015.05.09"]
[Round "4.4"]
[White "Nast, Lara"]
[Black "Gross, Sarah Zoe"]
[Result "1-0"]
[WhiteElo "800"]
[BlackElo "800"]
[PlyCount "117"]
[EventDate "2015.05.07"]
[EventType "team-swiss"]
[EventRounds "7"]
[EventCountry "GER"]
[SourceTitle "EXT 2017"]
[Source "ChessBase"]
[SourceDate "2016.10.25"]
[SourceVersion "1"]
[SourceVersionDate "2016.10.25"]
[SourceQuality "1"]
[WhiteTeam "Kant Gymn (W)"]
[BlackTeam "Gadebusch Gymn (W)"]
[WhiteTeamCountry "GER"]
[BlackTeamCountry "GER"]

1. d4 d5 2. Nc3 Nf6 3. Nf3 Bg4 4. Bg5 Bxf3 5. exf3 h6 6. Bb5+ c6 7. Bxf6 exf6 8. Qe2+ Be7 9. Bd3 0-0 10. 0-0-0 g6 11. Qe3 Re8 12. Qxh6 Bd6 13. g3 a5 14. f4 f5 15. f3 Qf6 16. Rde1 Re7 17. Qg5 Qxd4 18. Rxe7 Bxe7 19. Qxe7 Na6 20. g4 Nb4 21. Rd1 Kg7 22. gxf5 gxf5 23. Qg5+ Kf8 24. Bxf5 Qe3+ 25. Rd2 Qe1+ 26. Nd1 Re8 27. Qh6+ Ke7 28. Qg5+ Kd6 29. Qg2 Kc7 30. Qf2 Qxf2 31. Nxf2 Re1+ 32. Nd1 f6 33. h4 Rh1 34. a3 Na6 35. Re2 Rxh4 36. Re7+ Kb8 37. Re8+ Ka7 38. Rf8 c5 39. Nc3 d4 40. Nd5 c4 41. Nxf6 Rh1+ 42. Kd2 Nc5 43. Rc8 c3+ 44. bxc3 dxc3+ 45. Kxc3 Na4+ 46. Kb3 Nb6 47. Rc5 Rb1+ 48. Ka2 Rc1 49. Rxa5+ Kb8 50. Nd5 Nc4 51. Rc5 Nd2 52. Bc8 Ka8 53. f5 Rxc2+ 54. Rxc2 Nxf3 55. f6 Ka7 56. f7 Ng5 57. f8Q Nh7 58. Qe7 Kb8 59. Qxb7# 1-0